000 00734nam a22001937a 4500
005 20251108165018.0
008 250721s1990 xx 000 0 ara d
082 1 4 _a539/ديف
100 1 _aديفيس، بول
245 1 0 _aالعوالم الأخرى :
_bصورة الكون و الوجود و العقل و المادة و الزمن في الفيزياء الحديثة /
264 1 _aدمشق :
_bدار طلاس للدراسات و الترجمة و النشر،
_c1990.
300 _a217ص.
490 0 _aسلسلة الثقافة المميزة ؛ 1
650 1 7 _aالفيزياء
650 1 7 _aالفيزياء الحديثة
700 1 _aالنجدي، حاتم
_eترجمة
942 _2ddc
_cBK
999 _c19864
_d19864